000 00729nam a2200205Ia 4500
005 20260121110328.0
008 008 260114s9999 xx 000 0 hin d
020 _a9788132352839
037 _aEBOOK
040 _aCRL
_bhin
_cCRL
041 _ahin
_2hin
084 _qCRL
100 _aराघव दास / Raghav Das
_9944831
245 0 _aधर्म दर्शन: उत्त्पत्ति, स्वरूप एवं समस्याएँ / Dharm Darshan: Utpatti, Swaroop aur Samasyaayein
260 _bभाषा प्रकाशन / Bhasha Prakashan
_c2020
856 _uhttps://bhashaprakashan.com/product-details/382337
942 _cEBOOK
999 _c1536495
_d1536495